01651nam a2200361 a 450000500170000000800410001702000150005804100080007309200170008110000240009824501210012225000570024326000340030030000160033450001680035059000250051865300480054365300500059165300460064165300630068765300480075065300500079865300460084865300630089465300440095765300640100165300330106570000240109893000090112294200120113199900130114395201330115620240528111823.0101001s1991||||sp il. f |||| 001 0 spa d a8431104058 aspa c611l75sROU1 aRouviere, Henri974 aAnatomía Humana. Descriptiva, topográfica y funcional. bT.3 Miembros - Sistema Nervioso Central /cH. Rouviere. a8a ed. en español bTraducción E. Acosta Vidrio  aBarcelona:bBarcelona;c1991. a767 p.bil. aRouviere, H. y Delmas, A. (1991). Anatomía Humana. Descriptiva, topográfica y funcional. T.3 Miembros - Sistema Nervioso Central. (8a ed.). Barcelona : Masson. aDonación Mayo 2011 aAnatomía descriptiva del miembro superior aAnatomía topográfica del miembro superior aAnatomía funcional del miembro superior aTerritorios de inervación funcional del miembro superior aAnatomía descriptiva del miembro inferior aAnatomía topográfica del miembro inferior aAnatomía funcional del miembro inferior aTerritorios de inervación funcional del miembro inferior aSistema Nervioso Central Cerebroespinal aSistema Nervioso Central de la vida vegetativa u orgánica aMeninges. Vasos del neuroeje1 aDelmas, André975 a2307 2ddccBK c855d855 00102ddc4070aBFMbBFMcCRd2011-07-01l60o611 75 ROUp2307r2024-10-16s2024-10-09tej.2w2011-07-01yBKzHemeroteca 2022f